Giáo trình kinh tế và quản lý môi trường

সংরক্ষণ করুন:
গ্রন্থ-পঞ্জীর বিবরন
প্রধান লেখক: Nguyễn, Thế Chinh
বিন্যাস: গ্রন্থ
প্রকাশিত: Hà Nội Trường ĐH Kinh tế Quốc dân 2003
বিষয়গুলি:
ট্যাগগুলো: ট্যাগ যুক্ত করুন
কোনো ট্যাগ নেই, প্রথমজন হিসাবে ট্যাগ করুন!
Thư viện lưu trữ: Trung tâm Học liệu Lê Vũ Hùng, Trường Đại học Đồng Tháp
LEADER 00798pam a22002418a 4500
001 00038191
005 20171026081025.0
008 170515s2003 ||||||Viesd
041 0 # |a Vie 
082 1 4 |a 363.7  |b GI108TR 
100 1 # |a Nguyễn, Thế Chinh 
245 1 0 |a Giáo trình kinh tế và quản lý môi trường 
260 # # |a Hà Nội  |b Trường ĐH Kinh tế Quốc dân  |c 2003 
300 # # |a 310  |c 29 cm 
653 # # |a Giáo trình 
653 # # |a quản lý môi trường 
653 # # |a Giáo trình kinh tế 
852 # # |b Kho mượn  |j KGT.0052949 
852 # # |b Kho đọc  |j KD.0021013 
852 # # |j KD.0021013  |j KGT.0052949 
910 |d 15/05/2017 
980 # # |a Trung tâm Học liệu Lê Vũ Hùng, Trường Đại học Đồng Tháp